000 00444nab a2200145Ia 4500
003 ES-SlBCS
005 20210601124308.0
008 140529s1979 xxu||||| |||| 00| 0 eng d
041 _aeng
100 1 _aKlein, J. Theodore
_9139297
245 0 0 _aValue Choices and Pluralism: Rejoinder to Rozycki
_c J. Theodore Klein
650 0 4 _aPluralismo
_9129250
773 0 _tEducational Theory
_gvol. 29, nº. 1, 1979, págs. 71-72
_wRev1399
942 _cAR
999 _c512477
_d512477